تحميل...

Viswavijanakosham,vol-6 /

التفاصيل البيبلوغرافية
مؤلف مشترك: Sahithya pravarthaka c.s ltd .
التنسيق: Printed Book
اللغة:Malayalam
منشور في: Kottayam : Sahitya Pravarthaka Co-operative Society , 1971.
LEADER 01271cam a2200205ua 4500
020 |c 60.00 
041 |a mal 
082 |a 039.94812  |b SAH/VI 
110 1 |a Sahithya pravarthaka c.s ltd .   |c (Kottayam ) 
245 |a Viswavijanakosham,vol-6 /   |c Sahithya pravarthakak c.s ltd.  |h Textual Documents 
260 |a Kottayam :   |b Sahitya Pravarthaka Co-operative Society ,   |c 1971. 
300 |a 1000 ; . 
365 |a 60.00 
504
541 |e 13214   |h 60.00 
541 |e 13341  
942 |c BK 
999 |c 32558  |d 32558 
952 |0 0  |1 0  |4 0  |6 039_948120000000000  |7 0  |9 42873  |a KAUAET  |b KAUAET  |d 2012-04-07  |m 0  |o 039.94812  |p KAU_KCAET-13214  |r 2012-04-07  |w 2012-04-07  |y BK 
952 |0 0  |1 0  |4 0  |6 039_948120000000000  |7 0  |9 42874  |a KAUAET  |b KAUAET   |d 2012-04-07  |m 0  |o 039.94812  |p KAU_KCAET-13341  |r 2012-04-07  |t 2  |w 2012-04-07  |y BK